00586nam a2200181 a 450000100100000000500170001000800410002702000150006804000250008308200170010810000280012524500890015326000440024230000200028650000210030661000370032765000400036400002756120240306115517.0090706s2004 dr 000 0 spa d a999347925x aDO-SdBNPbspacBNPHU a027.4bH558b1 aHernández, P. Jesús10aBiblioteca Antillense Salesiana (BAS) :bpuntualizaciones /cP. Jesús Hernández. aSanto Domingo :bEditora Búho,c2004. a97 p. ;c23 cm. aIncluye índice20aBiblioteca Antillense Salesiana  4aBibliotecaszRepública Dominicana